[Event "Frankfurt-ch"]
[Site "Frankfurt"]
[Date "2011.05.30"]
[Round "5"]
[White "Brauer, Frank"]
[Black "Rondorf, Jochen"]
[Result "1/2-1/2"]
[WhiteElo "1897"]
[BlackElo "1499"]
[PlyCount "148"]
[EventDate "2011.05.02"]
[EventType "swiss"]
[EventRounds "7"]
[EventCountry "GER"]
[SourceTitle "EXT 2012"]
[Source "ChessBase"]
[SourceDate "2011.11.24"]
[SourceVersion "1"]
[SourceVersionDate "2011.11.24"]
[SourceQuality "1"]

1. e4 c6 2. d4 d5 3. exd5 cxd5 4. c4 Nf6 5. Nc3 Bf5 6. Nf3 e6 7. Bd3 Bxd3 8. Qxd3 Nc6 9. 0-0 Be7 10. Bf4 dxc4 11. Qxc4 0-0 12. Rad1 Rc8 13. Qb3 Na5 14. Qb5 a6 15. Qe2 b5 16. a3 Bxa3 17. Nxb5 axb5 18. bxa3 Nc4 19. Rc1 Qa5 20. Ra1 Nd5 21. Bg3 Nc3 22. Qd3 Rfd8 23. Ne5 Nxa3 24. Qf3 Rf8 25. Nc6 Ne2+ 26. Kh1 Nxg3+ 27. hxg3 Qc7 28. Rfc1 Nc4 29. Ne5 Qd6 30. Nxc4 Rxc4 31. Rxc4 bxc4 32. Qc3 Rc8 33. Ra4 Qc6 34. Ra3 f6 35. Kg1 Kf7 36. f3 Rb8 37. Qc2 g6 38. Ra7+ Kg8 39. Ra5 Qb6 40. Rc5 Qb1+ 41. Qxb1 Rxb1+ 42. Kf2 Rb2+ 43. Kf1 Rb4 44. Rc7 c3 45. Rxc3 Rxd4 46. Rc7 h6 47. Ke2 Ra4 48. g4 Ra2+ 49. Kf1 Ra8 50. Kf2 e5 51. g3 Rf8 52. Ke3 Rf7 53. Rc5 Rd7 54. f4 Re7 55. Kf3 e4+ 56. Ke3 Kf7 57. f5 gxf5 58. gxf5 h5 59. Ra5 Kg7 60. Ra8 Re5 61. Rb8 Kh6 62. Ra8 Kg5 63. Rh8 Kg4 64. Rg8+ Kxf5 65. Rg7 Ke6 66. Rh7 Ra5 67. Kxe4 Rg5 68. Kf3 Ke5 69. Re7+ Kd6 70. Ra7 Rg8 71. Ra5 Rh8 72. Kf4 Ke6 73. Ra6+ Kf7 74. Kf5 Rh6 1/2-1/2

[Event "Frankfurt-ch"]
[Site "Frankfurt"]
[Date "2011.05.02"]
[Round "1"]
[White "Willems, Matthias"]
[Black "Rondorf, Jochen"]
[Result "1-0"]
[WhiteElo "2056"]
[BlackElo "1499"]
[PlyCount "121"]
[EventDate "2011.05.02"]
[EventType "swiss"]
[EventRounds "7"]
[EventCountry "GER"]
[SourceTitle "EXT 2012"]
[Source "ChessBase"]
[SourceDate "2011.11.24"]
[SourceVersion "1"]
[SourceVersionDate "2011.11.24"]
[SourceQuality "1"]

1. d4 d5 2. Bg5 Nf6 3. Bxf6 gxf6 4. e3 e5 5. Nc3 Be6 6. Qh5 Nd7 7. a3 c6 8. Nge2 Qc7 9. g3 0-0-0 10. Bg2 Nb6 11. b3 Kb8 12. 0-0 Bd6 13. Nc1 Qe7 14. b4 Nc4 15. Nb3 Nxa3 16. Nc5 Nxc2 17. Ra4 exd4 18. exd4 Nxd4 19. Nd3 b5 20. Ra3 Bxb4 21. Nxb4 Qxb4 22. Qd1 Qxa3 23. Qxd4 Qe7 24. Ra1 Rd7 25. Ra6 Rc8 26. Qf4+ Kb7 27. Ra1 Rd6 28. Qb4 Qc7 29. Na4 Ka8 30. Nc5 Rdd8 31. f4 d4 32. Nxe6 fxe6 33. Qxb5 Rd5 34. Bxd5 cxd5 35. Qa6 e5 36. fxe5 fxe5 37. Qe6 Rd8 38. Kg2 e4 39. Qf6 d3 40. Qd4 Qc2+ 41. Kh3 Qc7 42. Kg2 Qb7 43. Ra5 Rc8 44. Rxd5 Rc2+ 45. Kh3 Qc8+ 46. g4 Rc4 47. Qf6 Rc6 48. Qg5 Rg6 49. Qh4 Qc7 50. Rd8+ Kb7 51. Re8 d2 52. Re7 d1Q 53. Rxc7+ Kxc7 54. Qxh7+ Kc8 55. Qxg6 Qf1+ 56. Kh4 Qf2+ 57. Kh5 e3 58. Qa6+ Kc7 59. Qxa7+ Kd6 60. h4 e2 61. Qxf2 1-0

[Event "Troisdorf op "]
[Site "Troisdorf"]
[Date "2010.11.02"]
[Round "2"]
[White "Bonus, Christian"]
[Black "Rondorf, Jochen"]
[Result "1-0"]
[WhiteElo "1585"]
[BlackElo "1232"]
[PlyCount "80"]
[EventDate "2010.10.26"]
[EventType "swiss"]
[EventRounds "7"]
[EventCountry "GER"]
[SourceTitle "EXT 2013"]
[Source "ChessBase"]
[SourceDate "2012.11.22"]
[SourceVersion "1"]
[SourceVersionDate "2012.11.22"]
[SourceQuality "1"]

1. d4 d5 2. c4 e6 3. Bf4 Nf6 4. e3 c6 5. Nf3 Nbd7 6. Nc3 Qa5 7. a3 Ne4 8. Qc2 Bb4 9. Rc1 Bxc3+ 10. bxc3 Qxa3 11. Bd3 Nef6 12. Ke2 dxc4 13. Bxc4 Nb6 14. Bb3 Nbd5 15. Ra1 Nxf4+ 16. exf4 Qd6 17. Ne5 0-0 18. Rhe1 Nd7 19. Kf1 Nxe5 20. fxe5 Qc7 21. Re3 c5 22. Rh3 g6 23. Qd2 b6 24. Bc2 f5 25. dxc5 Qxc5 26. Qh6 Rf7 27. Rd1 Ba6+ 28. Bd3 Rd8 29. Qe3 Qxe3 30. Rxe3 Rfd7 31. Ke2 Bxd3+ 32. Rexd3 Rxd3 33. Rxd3 Rd5 34. f4 a6 35. c4 Rxd3 36. Kxd3 Kf7 37. Kd4 Ke7 38. c5 b5 39. c6 Kd8 40. Kc5 Kc7 1-0

[Event "Troisdorf op "]
[Site "Troisdorf"]
[Date "2010.10.26"]
[Round "1"]
[White "Rondorf, Jochen"]
[Black "Hahn, Juergen"]
[Result "0-1"]
[WhiteElo "1232"]
[BlackElo "1694"]
[PlyCount "106"]
[EventDate "2010.10.26"]
[EventType "swiss"]
[EventRounds "7"]
[EventCountry "GER"]
[SourceTitle "EXT 2013"]
[Source "ChessBase"]
[SourceDate "2012.11.22"]
[SourceVersion "1"]
[SourceVersionDate "2012.11.22"]
[SourceQuality "1"]

1. c4 Nf6 2. Nc3 d5 3. d4 e6 4. Nf3 Be7 5. e3 Nbd7 6. cxd5 exd5 7. Bd3 c6 8. 0-0 0-0 9. Re1 Re8 10. Qc2 Nf8 11. h3 Ng6 12. e4 dxe4 13. Nxe4 Nxe4 14. Bxe4 Bf6 15. Be3 Be6 16. b3 Bd5 17. Bxd5 Qxd5 18. Qc4 Qf5 19. Rad1 Rad8 20. b4 Nf4 21. Kh2 Nxh3 22. Qd3 Qg4 23. Re2 Nf4 24. Bxf4 Qxf4+ 25. g3 Qg4 26. Rde1 Rxe2 27. Qxe2 g6 28. Qe4 Qxe4 29. Rxe4 Kf8 30. g4 h6 31. Kg3 Rd5 32. Ne5 Bxe5+ 33. dxe5 Ke7 34. f4 a5 35. Kf3 Rd3+ 36. Ke2 Ra3 37. bxa5 Rxa2+ 38. Kf3 Rxa5 39. f5 g5 40. Re2 Ra3+ 41. Kf2 Ra4 42. Kg3 c5 43. e6 Ra3+ 44. Kg2 Ra6 45. Rb2 b6 46. exf7 Kxf7 47. Kf3 Kf6 48. Rd2 b5 49. Rd5 Rc6 50. Ke4 b4 51. Kd3 c4+ 52. Kd4 c3 53. Re5 c2 0-1